An intensive course in English /

Bibliographic Details
Corporate Author: University of Michigan. English Language Institute
Other Authors: Krohn, Robert
Format: Book
Language:English
Published: Ann Arbor : University of Michigan Press, 1971-
Subjects:

MARC

Tag First Indicator Second Indicator Subfields
LEADER 00000cam a2200000 i 4500
001 in00000560121
005 20151014053842.0
008 760618m19719999miua 00010 eng d
010 |a  73142589  
020 |a 0472083074 
035 |a (OCoLC)02235030 
035 |9 ACK3906AM 
040 |a AZS  |c AZS  |d m.c.  |d TXA  |d UtOrBLW 
049 |a TXAM  |v 1 [A08980154] 
090 |a PE1128.S8  |b U54 1971 
110 2 |a University of Michigan.  |b English Language Institute. 
245 1 3 |a An intensive course in English /  |c Robert Krohn ; and the staff of the English Language Institute. 
264 1 |a Ann Arbor :  |b University of Michigan Press,  |c 1971- 
300 |a volumes :  |b illustrations ;  |c 24 cm. 
336 |a text  |b txt  |2 rdacontent 
337 |a unmediated  |b n  |2 rdamedia 
338 |a volume  |b nc  |2 rdacarrier 
500 |a First published in 1942 under title: An intensive course in English for Latin-American students. 
500 |a Earlier editions of volume 1 published under title: English sentence patterns. 
505 0 |a [1] English sentence structure. 
650 0 |a English language  |v Textbooks for foreign speakers. 
650 0 |a English language  |x Pronunciation. 
700 1 |a Krohn, Robert. 
740 0 |a English sentence structure. 
740 3 |a An intensive course in English for Latin-American students. 
740 0 |a English sentence patterns. 
999 |a MARS 
999 f f |s 0f3551db-eda8-3fca-801d-bd92f248a08d  |i 5cc94da8-fd17-3ced-8846-7bce3e3df14b  |t 0 
952 f f |p normal  |a Texas A&M University  |b College Station  |c Sterling C. Evans Library  |d Evans: Library Stacks  |t 0  |e PE1128.S8 U54 1971  |h Library of Congress classification  |i unmediated -- volume  |m A14808980154 
998 f f |a PE1128.S8 U54 1971  |s V.1  |t 0  |l Evans: Library Stacks